00294nam a22000977a 450000500170000000800410001724500530005826000490011130000200016065000160018020241120111215.0241120b |||||||| |||| 00| 0 eng d aInsolvency Act, 2006bACT 708cRepublic of Ghana aAccra, GhanabAssembly press Co. Ltd. c2006 a45 pagesc23 cm 2ActsxGhana